Llwytho...

Samskrita vyakaran meim karaka tatvanuseelan

Manylion Llyfryddiaeth
Prif Awdur: Uma Shankar Sharma
Fformat: Printed Book
Cyhoeddwyd: Varanasi Chaukhamba Surbharati 2011
Pynciau:
LEADER 00673nam a22001931a 4500
020 |a 9789380326627  |c 0.00 
040 |a SSUS - Library - Kalady 
082 |a S 491.25  |b UMA/S 
100 |a Uma Shankar Sharma 
245 |a Samskrita vyakaran meim karaka tatvanuseelan  |h [Text] 
260 |a Varanasi  |b Chaukhamba Surbharati  |c 2011 
300 |a 323p. 
600 |a Grammar Sanskrit 
600 |a Language Sanskrit 
600 |a Language 
852 |h S 491.25  |i UMA/S  |p 064364  |9 450.00  |t 0 
942 |c BK 
999 |c 39946  |d 39946 
952 |0 0  |1 0  |4 0  |6 S_491_250000000000000_UMA_S  |7 0  |9 57847  |a SSUS  |b SSUS  |d 2015-01-08  |g 450.00  |l 1  |o S 491.25 UMA/S  |p 064364  |r 2018-10-30  |s 2018-09-07  |v 0.00  |w 2015-01-08  |y BK